Los rostros y las huellas del juego (Registro nro. 17715)

Detalles MARC
000 -LDR (LÍDER)
Campo de control de longitud fija 01219nam a2200337 a 4500
001 - NÚMERO DE CONTROL
control field 991006039399707486
003 - IDENTIFICADOR DEL NÚMERO DE CONTROL
Campo de control CO-PeBPR
005 - FECHA Y HORA DE LA ÚLTIMA TRANSACCIÓN
Campo de control 20260417102514.0
008 - ELEMENTOS DE DATOS DE LONGITUD FIJA--INFORMACIÓN GENERAL
Campo de control de longitud fija 200624s2019 ck gr 001 0 spa d
020 ## - Código Internacional normalizado para libros
Código Internacional normalizado para libros 9789585503205
040 0# - FUENTE DE CATALOGACIÓN
Agencia catalogadora original CO-PeBPR
Idioma de la agencia catalogadora spa
Agencia que transcribe CO-PeBPR
Norma para la descripción rda
041 0# - Código del Idioma
Código idioma del recurso original spa
082 04 - NÚMERO DE CLASIFICACIÓN DECIMAL DEWEY
Número de clasificación 371.397 D948r
100 1# - ASIENTO PRINCIPAL--NOMBRE PERSONAL
Nombre personal Durán Chiappe, Sandra Marcela.
Términos de relación autora
245 14 - MENCIÓN DE TÍTULO
Título propiamente dicho Los rostros y las huellas del juego
Subtítulo o título paralelo : creencias sobre el juego en la práctica del profesorado
Mención de responsabilidad / Sandra Marcela Durán Chiappe ; edición de Juan Felipe Forero Bocanegra.
260 ## - PUBLICATION, DISTRIBUTION, ETC. (IMPRINT)
Place of publication, distribution, etc Bogotá , Colombia
Name of publisher, distributor, etc : Universidad Pedagógica Nacional
Date of publication, distribution, etc , 2019
300 ## - DESCRIPCIÓN FÍSICA
Extensión 164 páginas
Dimensiones ; 24 centímetros
336 ## - Tipo de Contenido
Tipo de contenido texto
Código de tipo de contenido txt
Fuente rdacontenido
337 ## - Tipo de Medio
Tipo de Medio sin mediación
Código de tipo de medio n
Fuente rdamedio
338 ## - Tipo de Soporte
Tipo de soporte volumen
Código de tipo de soporte nc
Fuente rdasoporte
490 0# - MENCIÓN DE SERIE
Título de la serie Colección tesis doctorales
504 ## - NOTA DE BIBLIOGRAFIA, ETC.
Nota de bibliografía Incluye bibliografía.
650 14 - ASIENTO SECUNDARIO DE MATERIA - TÉRMINO TEMÁTICO
Fuente del encabezado o término LEMB
Encabezamiento temático Juegos educativos
650 14 - ASIENTO SECUNDARIO DE MATERIA - TÉRMINO TEMÁTICO
Fuente del encabezado o término LEMB
Encabezamiento temático Métodos de enseñanza
650 14 - ASIENTO SECUNDARIO DE MATERIA - TÉRMINO TEMÁTICO
Fuente del encabezado o término LEMB
Encabezamiento temático Juegos educativos (Psicología)
650 14 - ASIENTO SECUNDARIO DE MATERIA - TÉRMINO TEMÁTICO
Fuente del encabezado o término LEMB
Encabezamiento temático Recreación
650 14 - ASIENTO SECUNDARIO DE MATERIA - TÉRMINO TEMÁTICO
Fuente del encabezado o término LEMB
Encabezamiento temático Psicología del aprendizaje
700 1# - ASIENTO SECUNDARIO - NOMBRE PERSONAL
Nombre personal Forero Bocanegra, Juan Felipe
Término de relación, rol en la obra editor
942 ## - ENTRADA DE ELEMENTOS AGREGADOS (KOHA
Fuente de clasificación o esquema de estantería. Dewey Decimal Classification
Tipo de ítem Libro
949 ## - LOCAL PROCESSING INFORMATION (OCLC)
a n
b n
Existencias
Estado de pérdida Fuente del sistema de clasificación o colocación Estado de daño No disponible para préstamo Colección Biblioteca de origen Biblioteca actual Ubicación en estantería Signatura topográfica completa Ejemplar Código de barras Tipo de ítem Fecha de adquisición Fuente de adquisición Total de pagos Fecha de la última vez visto
  Dewey Decimal Classification     General Biblioteca Pública Departamental Comfamiliar Risaralda Biblioteca Pública Departamental Comfamiliar Risaralda Área General 371.397 D948r Ej.1 RIBPD15423 Libro 17/04/2026 Dotación MinCultura y BNC   17/04/2026